000 00417 a2200145 4500
999 _c5623
_d5623
020 _a9780674015449
050 _aQC 16.E5 RIG 2005
100 _aRidgen, John S.
_eauthor
245 _aEinstein 1905:
_b the standard of greatness/
_cJohn S. Ridgen
264 _aCambridge:
_bHarvard University Press,
_c2005
300 _a173p.:
_bill.
500 _aIncludes index
650 _aPhysics
942 _2lcc
_cBK
_h16.E5
_iRIG
_kQC